banner koha

O aluno e o ensino agropecuario [Brasil] (Registro n. 280376)

MARC details
000 -LÍDER
campo de controle de tamanho fixo 00894nac a22002417a 4500
001 - NÚMERO DE CONTROLE
campo de controle BR8706690
003 - IDENTIFICADOR DO NÚMERO DE CONTROLE
campo de controle BR-BrBNA
005 - DATA E HORÁRIO DA ÚLTIMA TRANSAÇÃO
campo de controle 20240105120610.0
008 - CAMPO DE DADOS FIXOS--INFORMAÇÃO GERAL
campo de controle de tamanho fixo 230509b bl.|||m| |||| 00| 0 por d
040 ## - FONTE DA CATALOGAÇÃO
Instituição da catalogação original BR-BrBNA
Idioma da catalogação por
Instituição que transcreveu o registro Biblioteca Nacional de Agricultura
072 ## - CÓDIGO DE CATEGORIA DE ASSUNTO
Código de Categoria de Assunto C10
090 ## - NÚMERO DE CHAMADA LOCAL
Número de chamada C10 BR8706690
100 1# - ENTRADA PRINCIPAL--NOME PESSOAL
Nome pessoal Silva, L.L. da
110 1# - ENTRADA PRINCIPAL--NOME CORPORATIVO
Nome corporativo ou nome da jurisdição Fundacao Educacional de Santa Catarina, Florianopolis (Brasil)
9 (RLIN) 4880
245 1# - TÍTULO
Título O aluno e o ensino agropecuario [Brasil]
260 3# - PUBLICAÇÃO, DISTRIBUIÇÃO, ETC.
Local de publicação, distribuição, etc. Florianopolis, SC (Brasil):
Data da publicação, distribuição, etc. [nd].
300 ## - DESCRIÇÃO FÍSICA
Extensão 50 p.
490 ## - TÍTULO DA SÉRIE
Título da série Boletim Informativo - Fundacao Educacional de Santa Catarina (Brazil)
Número do volume ou designação sequencial da série
ISSN - International Standard Serial Number
500 ## - NOTA GERAL
Nota geral 22 tables. (*) Documento disponível na(o) Instituto de Planejamento e Economia Agricola de Santa Catarina, Florianopolis (Brazil)
650 ## - ASSUNTO--TERMO TÓPICO
Cabeçalho tópico ou nome geográfico ENSINO AGRICOLA
909 ## -
-- 202312
-- Lúcia Elande
-- 55
-- Lúcia Elande
942 ## - ELEMENTOS DE ENTRADA ADICIONADOS (KOHA)
Fonte da classificação ou esquema de arquivamento na estante Classificação AGRIS
Ocultar no OPAC Não
Tipo de material Koha Monografia Seriada
Exemplares
Situação do descarte Fonte da classificação ou esquema de arquivamento na estante Situação física Não pode ser emprestado Coleção Biblioteca de origem Biblioteca atual Localização na estante Total de empréstimos Data de último acesso Tipo de material Koha Nota pública Fonte de aquisição
  Classificação AGRIS   INDISPONÍVEL   Biblioteca Nacional de Agricultura - Binagri Biblioteca Nacional de Agricultura - Binagri Agrobase - Acervo Geral   18/12/2023 Monografia Seriada (*) Documento disponível na(o) Instituto de Planejamento e Economia Agricola de Santa Catarina, Florianopolis (Brazil) Portaria Interministerial nº 164/94

BINAGRI

Telefone: (61)3218-2567/2388/3357/2097 - binagri@agro.gov.br

Ministério da Agricultura e Pecuária , Esplanada dos Ministérios, Bloco D, Anexo B, Brasília/DF, CEP: 70.043-900